[Event "Zagreb Open 2011 Grupo A"]
[Site "Zagreb CRO"]
[Date "2011.04.16"]
[Round "6.2"]
[White "Kozul, Zdenko"]
[Black "Postny, Evgeny"]
[Result "1/2-1/2"]
[WhiteElo "2568"]
[BlackElo "2585"]
[PlyCount "107"]
[EventDate "2011.04.11"]
[EventType "swiss"]
[EventRounds "9"]
[EventCountry "CRO"]
[Source "lmi"]
[SourceDate "2011.04.11"]

1. d4 d5 2. c4 dxc4 3. Nf3 Nf6 4. e3 e6 5. Bxc4 a6 6. O-O b5 7. Be2 Bb7 8. Nbd2
Nbd7 9. a4 b4 10. a5 Be7 11. Nb3 c5 12. Bd2 cxd4 13. Nfxd4 O-O 14. Bf3 Bxf3 15.
Qxf3 Ne5 16. Qe2 Qd5 17. Rfc1 Ne4 18. Be1 Nc5 19. Nxc5 Bxc5 20. Nf3 Rfb8 21.
Nxe5 Qxe5 22. g3 Be7 23. Rc6 Rb5 24. Rac1 Rxa5 25. Rc8+ Rxc8 26. Rxc8+ Bf8 27.
Qd2 Rd5 28. Qxb4 Rc5 29. Re8 Qd6 30. Bc3 f6 31. Qe4 Kf7 32. Ra8 Qc6 33. Ra7+
Kg8 34. Qxc6 Rxc6 35. Kf1 Bc5 36. Rd7 Kf8 37. g4 Be7 38. h3 e5 39. Kg2 Ke8 40.
Ra7 e4 41. f3 exf3+ 42. Kxf3 Kf8 43. e4 Rb6 44. h4 Kf7 45. g5 Ke6 46. Kg4 fxg5
47. hxg5 g6 48. Bd4 Rc6 49. Kf4 Bd6+ 50. Kf3 Be7 51. Be3 Kf7 52. Ke2 Ke6 53.
Kf3 Kf7 54. Ke2 1/2-1/2

[Event "Zagreb Open 2011 Grupo A"]
[Site "Zagreb CRO"]
[Date "2011.04.16"]
[Round "6.3"]
[White "Gleizerov, Evgeny"]
[Black "Jovanic, Ognjen"]
[Result "1-0"]
[WhiteElo "2579"]
[BlackElo "2480"]
[PlyCount "78"]
[EventDate "2011.04.11"]
[EventType "swiss"]
[EventRounds "9"]
[EventCountry "CRO"]
[Source "lmi"]
[SourceDate "2011.04.11"]

1. d4 d5 2. c4 c6 3. Nf3 Nf6 4. Nc3 dxc4 5. a4 Bf5 6. e3 e6 7. Bxc4 Bb4 8. O-O
Nbd7 9. Nh4 Bg6 10. Qb3 a5 11. Nxg6 hxg6 12. g3 Qb6 13. Rd1 O-O 14. Bf1 Rad8
15. Bg2 e5 16. Qc2 Rfe8 17. h3 Qa6 18. Ne2 e4 19. g4 c5 20. Ng3 cxd4 21. exd4
Bd6 22. Nxe4 Nxe4 23. Bxe4 Nf6 24. Bd3 Qb6 25. Bb5 Re6 26. Bg5 Bb8 27. Qc5 Ba7
28. Qxb6 Bxb6 29. Rac1 Red6 30. Kg2 Rxd4 31. Rxd4 Bxd4 32. Rc7 b6 33. b3 Bc5
34. Kf3 Kf8 35. Bc4 Rd7 36. Rc8+ Ke7 37. Rg8 Bd4 38. Rxg7 Kf8 39. Bh6 Nd5 1-0

[Event "Zagreb Open 2011 Grupo A"]
[Site "Zagreb CRO"]
[Date "2011.04.16"]
[Round "6.4"]
[White "Petrov, Marijan"]
[Black "Gajewski, Grzegorz"]
[Result "0-1"]
[WhiteElo "2534"]
[BlackElo "2567"]
[PlyCount "132"]
[EventDate "2011.04.11"]
[EventType "swiss"]
[EventRounds "9"]
[EventCountry "CRO"]
[Source "lmi"]
[SourceDate "2011.04.11"]

1. e4 c5 2. Nf3 Nc6 3. Bb5 d6 4. O-O Bd7 5. Re1 Nf6 6. c3 a6 7. Bf1 Bg4 8. h3
Bxf3 9. Qxf3 g6 10. d3 Bg7 11. Be3 Nd7 12. Qd1 Qb6 13. Qc2 O-O 14. Nd2 Rfc8 15.
f4 Qd8 16. Nf3 b5 17. Qf2 b4 18. d4 bxc3 19. bxc3 cxd4 20. cxd4 Nb4 21. Rab1
Nc2 22. Rec1 Nxe3 23. Qxe3 Rxc1 24. Rxc1 Qb6 25. Rc3 Bh6 26. g4 e5 27. dxe5
Qxe3+ 28. Rxe3 Bxf4 29. Ra3 dxe5 30. Bc4 Rc8 31. Bd5 Nf6 32. Rxa6 Nxd5 33. exd5
e4 34. Ne1 Bg3 35. Rc6 Rd8 36. Nc2 Rxd5 37. a4 Bh4 38. Rc4 Rd1+ 39. Kg2 f5 40.
gxf5 gxf5 41. Rd4 Rc1 42. Ne3 f4 43. Rxe4 fxe3 44. Rxe3 Ra1 45. Re4 Bf6 46. Kf3
Kf7 47. Kg3 Ra3+ 48. Kg2 Kg6 49. Rc4 h6 50. Rb4 h5 51. Rf4 Be5 52. Rf3 Rxa4 53.
Rf2 Kg5 54. Re2 Bf4 55. Rc2 Ra3 56. Rc5+ Kg6 57. Rc6+ Kf5 58. Rc5+ Be5 59. Rc4
Rg3+ 60. Kf1 Rxh3 61. Kg2 Rg3+ 62. Kh1 Ra3 63. Rc5 Ra2 64. Rc4 Bf4 65. Rb4 Kg4
66. Rb1 Kh3 0-1

[Event "Zagreb Open 2011 Grupo A"]
[Site "Zagreb CRO"]
[Date "2011.04.16"]
[Round "6.5"]
[White "Martinovic, Sasa"]
[Black "Papp, Gabor"]
[Result "1/2-1/2"]
[WhiteElo "2504"]
[BlackElo "2539"]
[PlyCount "78"]
[EventDate "2011.04.11"]
[EventType "swiss"]
[EventRounds "9"]
[EventCountry "CRO"]
[Source "lmi"]
[SourceDate "2011.04.11"]

1. d4 Nf6 2. c4 e6 3. Nc3 Bb4 4. e3 O-O 5. Nge2 d5 6. a3 Be7 7. cxd5 exd5 8.
Nf4 c6 9. Bd3 Re8 10. O-O Nbd7 11. f3 Nf8 12. b4 Ne6 13. Nfe2 b6 14. Kh1 a5 15.
Rb1 axb4 16. axb4 g6 17. Qc2 Bf8 18. Bd2 c5 19. bxc5 bxc5 20. Bb5 Bd7 21. dxc5
Bxc5 22. Qd3 Ra7 23. Rfd1 h5 24. Bc1 Bxb5 25. Nxb5 Rd7 26. Bb2 Bf8 27. Rdc1 Bh6
28. Ra1 Kh7 29. Rc6 Ng8 30. Rca6 Ne7 31. Ra7 Nc6 32. Rxd7 Qxd7 33. Nec3 Nb4 34.
Qd2 Nc5 35. Ra7 Bxe3 36. Qe2 Bh6 37. Rxd7 Rxe2 38. Rxf7+ Kg8 39. Nxe2 Kxf7
1/2-1/2

[Event "Zagreb Open 2011 Grupo A"]
[Site "Zagreb CRO"]
[Date "2011.04.16"]
[Round "6.6"]
[White "Stevic, Hrvoje"]
[Black "Banusz, Tamas"]
[Result "1-0"]
[WhiteElo "2611"]
[BlackElo "2563"]
[PlyCount "73"]
[EventDate "2011.04.11"]
[EventType "swiss"]
[EventRounds "9"]
[EventCountry "CRO"]
[Source "lmi"]
[SourceDate "2011.04.11"]

1. e4 e5 2. Nf3 Nc6 3. Bb5 Nf6 4. d3 d6 5. O-O a6 6. Bxc6+ bxc6 7. c4 c5 8. Nc3
Be7 9. Ne1 O-O 10. f4 exf4 11. Bxf4 Be6 12. Nc2 Nd7 13. Qd2 Bf6 14. b3 Ne5 15.
d4 cxd4 16. Nxd4 Ng6 17. Bg3 Be5 18. Nc6 Bxc3 19. Qxc3 Qg5 20. Nd4 Bd7 21. Nf5
f6 22. c5 h5 23. cxd6 h4 24. Ne7+ Nxe7 25. dxe7 Rfe8 26. Bf4 Qg4 27. h3 Qg6 28.
e5 Rxe7 29. exf6 gxf6 30. Bh2 Re6 31. Rf4 f5 32. Rxh4 Qf6 33. Qxf6 Rxf6 34. Be5
Rff8 35. Rh8+ Kf7 36. Rh7+ Ke8 37. Re1 1-0

[Event "Zagreb Open 2011 Grupo A"]
[Site "Zagreb CRO"]
[Date "2011.04.16"]
[Round "6.7"]
[White "Saric, Ante"]
[Black "Brkic, Ante"]
[Result "1/2-1/2"]
[WhiteElo "2491"]
[BlackElo "2592"]
[PlyCount "42"]
[EventDate "2011.04.11"]
[EventType "swiss"]
[EventRounds "9"]
[EventCountry "CRO"]
[Source "lmi"]
[SourceDate "2011.04.11"]

1. e4 c6 2. d4 d5 3. Nc3 dxe4 4. Nxe4 Bf5 5. Ng3 Bg6 6. h4 h6 7. Nf3 Nd7 8. h5
Bh7 9. Bd3 Bxd3 10. Qxd3 e6 11. Bf4 Qa5+ 12. Bd2 Qc7 13. O-O-O Ngf6 14. Ne4
O-O-O 15. g3 Nxe4 16. Qxe4 Nf6 17. Qe2 Bd6 18. c4 c5 19. Bc3 cxd4 20. Nxd4 a6
21. Kb1 Rd7 1/2-1/2

[Event "Zagreb Open 2011 Grupo A"]
[Site "Zagreb CRO"]
[Date "2011.04.16"]
[Round "6.8"]
[White "Palac, Mladen"]
[Black "Zelic, Zdravko"]
[Result "1/2-1/2"]
[WhiteElo "2586"]
[BlackElo "2391"]
[PlyCount "40"]
[EventDate "2011.04.11"]
[EventType "swiss"]
[EventRounds "9"]
[EventCountry "CRO"]
[Source "lmi"]
[SourceDate "2011.04.11"]

1. e4 c5 2. Nf3 e6 3. d4 cxd4 4. Nxd4 Nc6 5. Nc3 Qc7 6. f4 a6 7. Nxc6 Qxc6 8.
Be2 b5 9. Bf3 Bb7 10. Be3 Qc7 11. O-O Bc5 12. Bxc5 Qxc5+ 13. Kh1 Ne7 14. e5
Bxf3 15. Rxf3 Qc6 16. Qd2 O-O 17. Rd3 b4 18. Ne2 Nd5 19. c3 f6 20. exf6 bxc3
1/2-1/2

[Event "Zagreb Open 2011 Grupo A"]
[Site "Zagreb CRO"]
[Date "2011.04.16"]
[Round "6.9"]
[White "Jovanovic, Zoran"]
[Black "Zelcic, Robert"]
[Result "1/2-1/2"]
[WhiteElo "2544"]
[BlackElo "2550"]
[PlyCount "55"]
[EventDate "2011.04.11"]
[EventType "swiss"]
[EventRounds "9"]
[EventCountry "CRO"]
[Source "lmi"]
[SourceDate "2011.04.11"]

1. e4 c6 2. d4 d5 3. Nc3 dxe4 4. Nxe4 Bf5 5. Nc5 Nd7 6. Bd3 Nxc5 7. Bxf5 e6 8.
Bh3 Nd7 9. Nf3 Ngf6 10. O-O Bd6 11. Qe2 Qc7 12. g3 O-O 13. Re1 Rfe8 14. Ne5 c5
15. Nxd7 Qxd7 16. dxc5 Bxc5 17. Bg5 Rad8 18. Rad1 Qe7 19. Bg2 h6 20. Bc1 a6 21.
c3 Rxd1 22. Rxd1 e5 23. Be3 e4 24. h3 Bxe3 25. Qxe3 Qe6 26. a3 Qb3 27. Rd2 b5
28. Qb6 1/2-1/2

[Event "Zagreb Open 2011 Grupo A"]
[Site "Zagreb CRO"]
[Date "2011.04.16"]
[Round "6.10"]
[White "Ulibin, Mikhail"]
[Black "Petkov, Vladimir"]
[Result "0-1"]
[WhiteElo "2521"]
[BlackElo "2493"]
[PlyCount "82"]
[EventDate "2011.04.11"]
[EventType "swiss"]
[EventRounds "9"]
[EventCountry "CRO"]
[Source "lmi"]
[SourceDate "2011.04.11"]

1. d4 Nf6 2. c4 e6 3. Nc3 d5 4. cxd5 exd5 5. Bg5 c6 6. Qc2 Na6 7. e3 Nb4 8. Qb3
Bf5 9. Rc1 Rb8 10. Bf4 Bd6 11. Bxd6 Qxd6 12. Na4 O-O 13. a3 Na6 14. Bxa6 bxa6
15. Qd1 Nd7 16. Ne2 Nb6 17. Nc5 Nc4 18. b3 Nxa3 19. O-O Nb5 20. Nxa6 Rb6 21.
Nc5 Re8 22. Qd2 Qg6 23. Ra1 h5 24. f3 h4 25. Nf4 Qg5 26. Kh1 Re7 27. Rfc1 Rb8
28. Re1 Rbe8 29. Kg1 Qf6 30. Qf2 Nxd4 31. Nxd5 cxd5 32. exd4 Rxe1+ 33. Rxe1
Rxe1+ 34. Qxe1 Qxd4+ 35. Qf2 Qa1+ 36. Qf1 Qc3 37. b4 Qxb4 38. Qc1 Qd4+ 39. Kf1
a5 40. Ke2 a4 41. Qa3 Qg1 0-1

[Event "Zagreb Open 2011 Grupo A"]
[Site "Zagreb CRO"]
[Date "2011.04.16"]
[Round "6.11"]
[White "Burmakin, Vladimir"]
[Black "Zufic, Miroslav"]
[Result "1-0"]
[WhiteElo "2594"]
[BlackElo "2395"]
[PlyCount "109"]
[EventDate "2011.04.11"]
[EventType "swiss"]
[EventRounds "9"]
[EventCountry "CRO"]
[Source "lmi"]
[SourceDate "2011.04.11"]

1. Nf3 Nf6 2. g3 g6 3. b3 Bg7 4. Bb2 O-O 5. Bg2 d6 6. d4 Nbd7 7. O-O e5 8. dxe5
Ng4 9. c4 Ngxe5 10. Nxe5 dxe5 11. Nc3 Re8 12. Qd2 Nc5 13. Qxd8 Rxd8 14. Rad1
Re8 15. Ba3 Na6 16. Rd2 Bf8 17. Bb2 f5 18. Nb5 e4 19. f3 e3 20. Rdd1 Bc5 21. f4
c6 22. Nd6 Re7 23. Nxc8 Rxc8 24. a3 Nb8 25. b4 Bb6 26. Rd3 a5 27. Bf6 Rd7 28.
Rfd1 Rxd3 29. Rxd3 axb4 30. axb4 Na6 31. Rd7 Rc7 32. Rd8+ Kf7 33. Bc3 Re7 34.
Rh8 Ke6 35. Bf3 Rd7 36. Kg2 Bd4 37. Bxd4 Rxd4 38. b5 Nc5 39. bxc6 bxc6 40. Bxc6
Rxc4 41. Rxh7 Ne4 42. Bb5 Rb4 43. Bd3 Nd2 44. Rg7 Kf6 45. Ra7 Rb6 46. Ra5 Re6
47. h4 Ne4 48. Bxe4 fxe4 49. g4 Rb6 50. Ra3 Ke6 51. Rxe3 Kd5 52. Ra3 Rb2 53.
Kf2 Rb1 54. Ke3 Rh1 55. Ra5+ 1-0

[Event "Zagreb Open 2011 Grupo A"]
[Site "Zagreb CRO"]
[Date "2011.04.16"]
[Round "6.12"]
[White "Dutina, Dario"]
[Black "Smith, Bryan G"]
[Result "1/2-1/2"]
[WhiteElo "2282"]
[BlackElo "2466"]
[PlyCount "97"]
[EventDate "2011.04.11"]
[EventType "swiss"]
[EventRounds "9"]
[EventCountry "CRO"]
[Source "lmi"]
[SourceDate "2011.04.11"]

1. e4 c5 2. Nc3 Nc6 3. f4 g6 4. Nf3 Bg7 5. Bb5 Nd4 6. Nxd4 cxd4 7. Ne2 Nf6 8.
Bd3 O-O 9. c3 dxc3 10. dxc3 Qb6 11. Ng3 d6 12. h3 e5 13. fxe5 dxe5 14. Qe2 Be6
15. Be3 Qc7 16. c4 Nd7 17. O-O Nc5 18. Bc2 f6 19. b4 Na6 20. b5 Nc5 21. Rac1 b6
22. Rf2 Rad8 23. Kh1 Qf7 24. Bxc5 bxc5 25. Bd3 Rd4 26. Rc3 Rfd8 27. Rf3 Qd7 28.
Qc2 Rf8 29. a4 h5 30. a5 h4 31. Ne2 Rd6 32. Rb3 Rd8 33. Nc1 f5 34. Rc3 fxe4 35.
Bxe4 Rd2 36. Rfd3 Rxc2 37. Rxd7 Rxc1+ 38. Rxc1 Rxd7 39. b6 axb6 40. axb6 Rd8
41. b7 Bh6 42. Ra1 Kg7 43. g4 Bxc4 44. Ra8 Rd1+ 45. Kg2 Rd2+ 46. Kh1 Rd1+ 47.
Kg2 Rd2+ 48. Kh1 Rd1+ 49. Kg2 1/2-1/2

[Event "Zagreb Open 2011 Grupo A"]
[Site "Zagreb CRO"]
[Date "2011.04.16"]
[Round "6.14"]
[White "Drazic, Sinisa"]
[Black "Rogulj, Branko"]
[Result "1/2-1/2"]
[WhiteElo "2467"]
[BlackElo "2391"]
[PlyCount "127"]
[EventDate "2011.04.11"]
[EventType "swiss"]
[EventRounds "9"]
[EventCountry "CRO"]
[Source "lmi"]
[SourceDate "2011.04.11"]

1. d4 Nf6 2. c4 g6 3. f3 d5 4. cxd5 Nxd5 5. e4 Nb6 6. Nc3 Bg7 7. Be3 O-O 8. Qd2
a5 9. h4 a4 10. h5 Nc6 11. Nb5 Na5 12. Qb4 Bd7 13. Rc1 Bxb5 14. Bxb5 Qd6 15.
Qxd6 cxd6 16. h6 Bh8 17. Ne2 Rfc8 18. Rxc8+ Rxc8 19. Kf2 Nac4 20. Bxc4 Rxc4 21.
g4 Kf8 22. b3 Rc2 23. Rc1 axb3 24. axb3 Rxc1 25. Bxc1 Ke8 26. Be3 Kd7 27. g5
Na8 28. f4 Nc7 29. Ke1 f6 30. Kd2 e5 31. fxe5 dxe5 32. d5 Nb5 33. Kd3 Nd6 34.
gxf6 Bxf6 35. Ng1 Nf7 36. Nf3 g5 37. Ke2 Kd6 38. b4 g4 39. Nh2 g3 40. Nf3 Kd7
41. Kf1 Be7 42. Bc5 b6 43. Bxe7 Kxe7 44. Kg2 Kf6 45. Kxg3 Nxh6 46. Nh4 Nf7 47.
Nf5 Ng5 48. Nd6 Ke7 49. Kg4 h6 50. Nc8+ Kf6 51. Nd6 Ke7 52. Nf5+ Kf6 53. Ng3
Kg6 54. d6 Nh7 55. Nf5 Nf6+ 56. Kf3 h5 57. Ne3 Kf7 58. Nc4 Nd7 59. Kg3 Ke6 60.
Kh4 Nf6 61. Nxb6 Kxd6 62. Nc4+ Kc6 63. Nxe5+ Kb5 64. Ng4 1/2-1/2

[Event "Zagreb Open 2011 Grupo A"]
[Site "Zagreb CRO"]
[Date "2011.04.16"]
[Round "6.15"]
[White "Bukal, Vladimir Jr"]
[Black "Kovacevic, Blazimir"]
[Result "1/2-1/2"]
[WhiteElo "2402"]
[BlackElo "2466"]
[PlyCount "25"]
[EventDate "2011.04.11"]
[EventType "swiss"]
[EventRounds "9"]
[EventCountry "CRO"]
[Source "lmi"]
[SourceDate "2011.04.11"]

1. d4 Nf6 2. Nf3 e6 3. c4 d5 4. Nc3 Nbd7 5. cxd5 exd5 6. Bg5 Be7 7. Qc2 c6 8.
e3 O-O 9. Bd3 Re8 10. O-O Nf8 11. Rab1 a5 12. a3 Ne4 13. Bxe7 1/2-1/2

[Event "Zagreb Open 2011 Grupo A"]
[Site "Zagreb CRO"]
[Date "2011.04.16"]
[Round "6.16"]
[White "Fercec, Nenad"]
[Black "Zelic, Mladen"]
[Result "1-0"]
[WhiteElo "2452"]
[BlackElo "2274"]
[PlyCount "71"]
[EventDate "2011.04.11"]
[EventType "swiss"]
[EventRounds "9"]
[EventCountry "CRO"]
[Source "lmi"]
[SourceDate "2011.04.11"]

1. e4 e5 2. Nf3 Nc6 3. Bb5 f5 4. d3 fxe4 5. dxe4 Nf6 6. O-O Bc5 7. Qd3 d6 8.
Qc4 Qe7 9. Nc3 Bd7 10. Nd5 Nxd5 11. exd5 Nd4 12. Nxd4 Bxd4 13. a4 a6 14. Bxd7+
Qxd7 15. Be3 Bxe3 16. fxe3 O-O-O 17. b4 Rhf8 18. a5 Kb8 19. Qb3 c6 20. dxc6
Qxc6 21. c4 Rxf1+ 22. Rxf1 d5 23. Rd1 d4 24. b5 axb5 25. cxb5 Qc5 26. b6 d3 27.
Rxd3 Qc1+ 28. Kf2 Rf8+ 29. Kg3 Qe1+ 30. Kh3 Qf1 31. Qd1 Qf5+ 32. g4 Qg5 33. Kg2
Qh4 34. Kh1 Rc8 35. Rd7 Qf2 36. a6 1-0

[Event "Zagreb Open 2011 Grupo A"]
[Site "Zagreb CRO"]
[Date "2011.04.16"]
[Round "6.17"]
[White "Pacher, Milan"]
[Black "Ivekovic, Zvonimir"]
[Result "1-0"]
[WhiteElo "2415"]
[BlackElo "2308"]
[PlyCount "61"]
[EventDate "2011.04.11"]
[EventType "swiss"]
[EventRounds "9"]
[EventCountry "CRO"]
[Source "lmi"]
[SourceDate "2011.04.11"]

1. d4 Nf6 2. c4 c5 3. d5 g6 4. Nc3 Bg7 5. e4 d6 6. Bd3 O-O 7. Nf3 e6 8. O-O e5
9. a3 Ne8 10. b4 b6 11. Rb1 h6 12. Nd2 f5 13. f3 f4 14. g4 h5 15. Rf2 Qh4 16.
gxh5 Qxh5 17. Bf1 g5 18. h3 Qh4 19. Rh2 Rf6 20. Rb2 Rh6 21. Nb3 Nd7 22. Bd2
Ndf6 23. Be1 Qh5 24. bxc5 bxc5 25. Na5 Qf7 26. Nc6 a6 27. Na4 Bd7 28. Nb6 Rc8
29. Nxc8 Bxc8 30. Rbg2 Qh5 31. Ne7+ 1-0

[Event "Zagreb Open 2011 Grupo A"]
[Site "Zagreb CRO"]
[Date "2011.04.16"]
[Round "6.18"]
[White "Sale, Srdan"]
[Black "Mrda, Milan"]
[Result "1/2-1/2"]
[WhiteElo "2380"]
[BlackElo "2404"]
[PlyCount "29"]
[EventDate "2011.04.11"]
[EventType "swiss"]
[EventRounds "9"]
[EventCountry "CRO"]
[Source "lmi"]
[SourceDate "2011.04.11"]

1. Nf3 Nf6 2. d4 g6 3. Bg5 Bg7 4. Nbd2 d5 5. e3 O-O 6. Be2 c5 7. c3 b6 8. O-O
Bb7 9. a4 Nc6 10. h3 Rc8 11. Bf4 Nd7 12. Re1 e5 13. dxe5 Ndxe5 14. Nxe5 Nxe5
15. a5 1/2-1/2

[Event "Zagreb Open 2011 Grupo A"]
[Site "Zagreb CRO"]
[Date "2011.04.16"]
[Round "6.19"]
[White "Jusic, Zdenko"]
[Black "Armanda, Ivica"]
[Result "0-1"]
[WhiteElo "2373"]
[BlackElo "2389"]
[PlyCount "64"]
[EventDate "2011.04.11"]
[EventType "swiss"]
[EventRounds "9"]
[EventCountry "CRO"]
[Source "lmi"]
[SourceDate "2011.04.11"]

1. e4 c5 2. Nf3 d6 3. c3 Nf6 4. Be2 Bd7 5. e5 dxe5 6. Nxe5 Nc6 7. d4 cxd4 8.
cxd4 Nxe5 9. dxe5 Qa5+ 10. Nd2 Qxe5 11. Nc4 Qd5 12. Qb3 e5 13. Qg3 Bb4+ 14. Kf1
Rc8 15. Ne3 Qe6 16. Qxg7 Rg8 17. Qh6 Bc6 18. Rg1 Rd8 19. Bc4 Be4 20. g4 Rd1+
21. Ke2 Bf3+ 22. Kxf3 Qc6+ 23. Ke2 Rxg1 24. Bd2 Bxd2 25. Rxg1 Bxe3 26. Bxf7+
Kxf7 27. Qxe3 Qc4+ 28. Kd2 Rd8+ 29. Ke1 Rd3 30. Qxe5 Qc1+ 31. Ke2 Rd2+ 32. Ke3
Rd1+ 0-1

[Event "Zagreb Open 2011 Grupo A"]
[Site "Zagreb CRO"]
[Date "2011.04.16"]
[Round "6.20"]
[White "Kantorik, Marian"]
[Black "Doric, Darko"]
[Result "0-1"]
[WhiteElo "2320"]
[BlackElo "2464"]
[PlyCount "104"]
[EventDate "2011.04.11"]
[EventType "swiss"]
[EventRounds "9"]
[EventCountry "CRO"]
[Source "lmi"]
[SourceDate "2011.04.11"]

1. d4 d5 2. c4 dxc4 3. Nf3 a6 4. a4 Nc6 5. e3 Na5 6. Be2 Nb3 7. Ra2 Bf5 8. Nc3
e6 9. Bxc4 Nxc1 10. Qxc1 Bb4 11. O-O Nf6 12. Ne2 h6 13. Ne5 c6 14. Bd3 Bxd3 15.
Nxd3 Bd6 16. a5 Qe7 17. Nc3 O-O 18. e4 e5 19. dxe5 Bxe5 20. Nxe5 Qxe5 21. Qe3
Rad8 22. Ra4 Rfe8 23. Re1 Ng4 24. Qg3 Qxg3 25. hxg3 Rd2 26. f3 Ne5 27. Re2 Rxe2
28. Nxe2 Rd8 29. Rb4 Rd1+ 30. Kh2 Rd2 31. Ng1 Rd7 32. Ne2 c5 33. Rb3 c4 34. Rb4
Rd2 35. Ng1 Nd3 36. Rxb7 Rxb2 37. Rc7 Ne1 38. Kh1 Rxg2 39. Rxc4 Rxg3 40. f4 Ra3
41. Rc8+ Kh7 42. Rc5 Nd3 43. Rf5 Nf2+ 44. Kg2 Nxe4 45. Nf3 Ra2+ 46. Kh3 Rf2 47.
Nh4 Kg8 48. Ng2 Rf3+ 49. Kh2 Ra3 50. Rd5 Nf6 51. Rd8+ Kh7 52. Rf8 Ng4+ 0-1

[Event "Zagreb Open 2011 Grupo A"]
[Site "Zagreb CRO"]
[Date "2011.04.16"]
[Round "6.21"]
[White "Brumen, Dinko"]
[Black "Banas, Jan"]
[Result "1/2-1/2"]
[WhiteElo "2351"]
[BlackElo "2306"]
[PlyCount "146"]
[EventDate "2011.04.11"]
[EventType "swiss"]
[EventRounds "9"]
[EventCountry "CRO"]
[Source "lmi"]
[SourceDate "2011.04.11"]

1. d4 Nf6 2. Bg5 c5 3. Bxf6 gxf6 4. d5 Qb6 5. Qc1 f5 6. g3 Bg7 7. c3 d6 8. Nd2
Nd7 9. Nh3 Nf6 10. Bg2 h5 11. Qc2 h4 12. Nc4 Qc7 13. Nf4 hxg3 14. hxg3 Rxh1+
15. Bxh1 Bd7 16. Bg2 O-O-O 17. O-O-O Rh8 18. Ne3 e6 19. Qd3 e5 20. Nxf5 Bf8 21.
Nh3 e4 22. Bxe4 Rxh3 23. Bf3 Rh8 24. g4 Ng8 25. Ng3 Ne7 26. e3 Ng6 27. Be2 Qd8
28. f4 Rh3 29. Rg1 Qh4 30. Nf5 Qf6 31. Qe4 Kc7 32. Qg2 Rh8 33. Ng3 Qe7 34. Kd2
a6 35. Rh1 Rxh1 36. Qxh1 Qh4 37. Qf3 Qh2 38. Nf1 Qg1 39. Qh3 Be7 40. a3 Qf2 41.
Qg3 Qxg3 42. Nxg3 Bh4 43. Ne4 b5 44. b3 f5 45. gxf5 Bxf5 46. Bf3 Ne7 47. c4
bxc4 48. bxc4 Nc8 49. Nc3 Nb6 50. e4 Bh7 51. Be2 Bf6 52. Bd3 Kd7 53. e5 Bxd3
54. Kxd3 dxe5 55. Ne4 Be7 56. fxe5 Na4 57. Kc2 Bf8 58. e6+ Kc7 59. Ng3 Nb6 60.
Kd3 Bd6 61. Ne4 Nc8 62. Kc2 Kd8 63. Kb3 Ke7 64. Ka4 Nb6+ 65. Kb3 a5 66. Nc3 Be5
67. Na4 Nxa4 68. Kxa4 Bb2 69. Kxa5 Bxa3 70. Kb5 Kd6 71. Kb6 Bb4 72. Kb5 Ba3 73.
Kb6 Bb4 1/2-1/2

[Event "Zagreb Open 2011 Grupo A"]
[Site "Zagreb CRO"]
[Date "2011.04.16"]
[Round "6.22"]
[White "Efroimski, Marsel"]
[Black "Franciskovic, Borka"]
[Result "1/2-1/2"]
[WhiteElo "2222"]
[BlackElo "2302"]
[PlyCount "106"]
[EventDate "2011.04.11"]
[EventType "swiss"]
[EventRounds "9"]
[EventCountry "CRO"]
[Source "lmi"]
[SourceDate "2011.04.11"]

1. e4 c6 2. d4 d5 3. exd5 cxd5 4. c4 Nf6 5. Nc3 g6 6. cxd5 Nxd5 7. Qb3 Nb6 8.
d5 Bg7 9. Be3 O-O 10. Rd1 Na6 11. Be2 Qd6 12. Nf3 Bd7 13. O-O Nc5 14. Qb4 Nca4
15. Qh4 Bxc3 16. Ng5 h5 17. bxc3 Nxc3 18. Bf3 Nxd1 19. Rxd1 Rac8 20. Ne4 Rc4
21. Qg5 Qb4 22. a3 Qa4 23. Qxe7 Rxe4 24. Qxe4 Qxe4 25. Bxe4 Rc8 26. d6 Bc6 27.
Bxc6 bxc6 28. Rb1 Rd8 29. Rd1 f6 30. h4 Kf7 31. a4 Nxa4 32. Ra1 Nc3 33. Rxa7+
Ke6 34. Rg7 Rxd6 35. Rxg6 Rd5 36. f3 c5 37. g4 Kf7 38. Rh6 hxg4 39. fxg4 Kg7
40. h5 c4 41. Rg6+ Kf7 42. Bh6 Ne4 43. Rg7+ Ke6 44. Bf4 Rd8 45. Kg2 Rc8 46. Kf3
Nc5 47. Rc7 Rxc7 48. Bxc7 Kf7 49. Ke3 Ne6 50. Ba5 f5 51. g5 Nxg5 52. Kf4 Ne6+
53. Kxf5 Ng7+ 1/2-1/2

[Event "Zagreb Open 2011 Grupo A"]
[Site "Zagreb CRO"]
[Date "2011.04.16"]
[Round "7.1"]
[White "Gajewski, Grzegorz"]
[Black "Bosiocic, Marin"]
[Result "1-0"]
[WhiteElo "2567"]
[BlackElo "2561"]
[PlyCount "73"]
[EventDate "2011.04.11"]
[EventType "swiss"]
[EventRounds "9"]
[EventCountry "CRO"]
[Source "lmi"]
[SourceDate "2011.04.11"]

1. d4 Nf6 2. c4 g6 3. Nc3 Bg7 4. e4 d6 5. Nf3 O-O 6. Be2 e5 7. O-O Nc6 8. d5
Ne7 9. b4 Ne8 10. a4 f5 11. a5 Nf6 12. Nd2 f4 13. c5 g5 14. h3 Rf7 15. Nc4 Bf8
16. b5 Rg7 17. g4 Ng6 18. c6 bxc6 19. bxc6 Rb8 20. f3 h5 21. Kf2 Rh7 22. Rh1
Nh4 23. Bd2 Qe7 24. Rb1 Rxb1 25. Qxb1 Nxf3 26. Bxf3 hxg4 27. hxg4 Bxg4 28. Rxh7
Qxh7 29. Qh1 Qg6 30. Bxg4 Nxg4+ 31. Kg1 Nf6 32. Be1 g4 33. Bh4 f3 34. Bxf6 Qxf6
35. Ne3 Qg5 36. Kf2 Be7 37. Qg1 1-0

[Event "Zagreb Open 2011 Grupo A"]
[Site "Zagreb CRO"]
[Date "2011.04.16"]
[Round "7.2"]
[White "Greenfeld, Alon"]
[Black "Kozul, Zdenko"]
[Result "1-0"]
[WhiteElo "2571"]
[BlackElo "2568"]
[PlyCount "73"]
[EventDate "2011.04.11"]
[EventType "swiss"]
[EventRounds "9"]
[EventCountry "CRO"]
[Source "lmi"]
[SourceDate "2011.04.11"]

1. d4 Nf6 2. c4 g6 3. Nc3 Bg7 4. g3 d5 5. cxd5 Nxd5 6. Bg2 Nxc3 7. bxc3 c5 8.
Nf3 Nc6 9. O-O cxd4 10. cxd4 Nxd4 11. Nxd4 Qxd4 12. Rb1 O-O 13. Be3 Qc4 14. Bd5
Qa6 15. Qb3 Qxe2 16. Bc5 Be6 17. Bxe6 Qxe6 18. Qxe6 fxe6 19. Rxb7 Rf5 20. Rc7
a5 21. Re1 Be5 22. Rc6 Bc3 23. Rexe6 Bb4 24. Bxb4 axb4 25. Rxe7 Rxa2 26. Rc8+
Rf8 27. Rxf8+ Kxf8 28. Rxh7 b3 29. Rb7 b2 30. Kg2 Kg8 31. h4 Kf8 32. Kf3 Ke8
33. Kg4 b1=Q 34. Rxb1 Rxf2 35. Kg5 Rg2 36. g4 Kf7 37. Rb6 1-0

[Event "Zagreb Open 2011 Grupo A"]
[Site "Zagreb CRO"]
[Date "2011.04.16"]
[Round "7.3"]
[White "Postny, Evgeny"]
[Black "Gleizerov, Evgeny"]
[Result "1/2-1/2"]
[WhiteElo "2585"]
[BlackElo "2579"]
[PlyCount "65"]
[EventDate "2011.04.11"]
[EventType "swiss"]
[EventRounds "9"]
[EventCountry "CRO"]
[Source "lmi"]
[SourceDate "2011.04.11"]

1. d4 e6 2. c4 f5 3. Nf3 Nf6 4. Nc3 Bb4 5. Qb3 Qe7 6. Bg5 O-O 7. g3 b6 8. Bg2
Bb7 9. O-O Bxc3 10. Qxc3 d6 11. d5 exd5 12. Nd4 c5 13. Nxf5 Qd7 14. Qc2 d4 15.
Bxb7 Qxb7 16. Nxd6 Qd7 17. Bxf6 Qxd6 18. Bg5 Nc6 19. f3 Rae8 20. Rae1 d3 21.
Qxd3 Qxd3 22. exd3 Rxe1 23. Rxe1 Nd4 24. f4 Nf3+ 25. Kf2 Nxe1 26. Kxe1 h6 27.
Bh4 h5 28. h3 g6 29. Kf2 Kf7 30. Kf3 Re8 31. g4 hxg4+ 32. hxg4 Rh8 33. Bf2
1/2-1/2

[Event "Zagreb Open 2011 Grupo A"]
[Site "Zagreb CRO"]
[Date "2011.04.16"]
[Round "7.4"]
[White "Papp, Gabor"]
[Black "Stevic, Hrvoje"]
[Result "1/2-1/2"]
[WhiteElo "2539"]
[BlackElo "2611"]
[PlyCount "20"]
[EventDate "2011.04.11"]
[EventType "swiss"]
[EventRounds "9"]
[EventCountry "CRO"]
[Source "lmi"]
[SourceDate "2011.04.11"]

1. e4 e5 2. Nf3 Nc6 3. Bb5 a6 4. Ba4 Nge7 5. c3 g6 6. O-O Bg7 7. d4 exd4 8.
cxd4 b5 9. Bb3 O-O 10. Nc3 d6 1/2-1/2